000 01482nam a22002777a 4500
001 7907
003 FISKH
005 20250813115138.0
008 250813b cb ||||| |||| 00| 0 eng d
020 _a9780525463344
040 _aFISKH
_beng
_cFISKH
_dFISKH
050 _aPZ7
082 _a823.912
100 _aMilne, A. A.
245 _aPiglet /
_cInspired by A. A. Milne ; Illustrated by Ernest H. Shepard
260 _aNew York :
_bPenguin,
_c2000.
300 _a10 unnumbered pages :
_bcolor illustrations ;
_c28 cm
505 _aE
520 _aEeyore and Piglet make a big splash in our newest giant-sized, shaped board books. Featuring thick sturdy pages, safely rounded edges, and just enough text to hold a toddler's interest, these big-enough-to-hug books are specially designed for the Bear of Little Brain's youngest fans. The bright, eye-catching covers are All-Eeyore and All-Piglet, the type is ultralarge, and the full-color artwork is up close and bigger than ever, making these irresistible titles surefire attention-grabbers. They simply beg to be picked up and won't last long on any shelf.Big on charm and cheer, these adorable books show that Pooh and his friends are larger than life--especially in the hearts and minds of young readers.
521 8 _a160
_bLexile estimate
521 8 _aE
_bRaz-Plus
650 _aBears
_vLiterature
_xBoard Bbook
700 _aShepard, Ernest H.
_eillustrator
942 _2ddc
_cBK
_n0
999 _c7907
_d7907